00761nam a2200193 a 4500008004100000020001500041050001500056100002300071245006400094260004300158300001300201350000900214650001700223650004200240650002800282995010900310999001700419952013100436090320s1981 ||||||||||||||||| || u a9781560541 aJC 494 Bab aBabatope, Ebenezer10aCoups: Africa and the barrack revoltscby Ebenezer Babatope aEnugu, NigeriabFourth Dimensionc1981 aix, 180p a0.00 7aAFRICA2fast 0aAFRICA--POLITICS AND GOVERNMENT--1960 aCOUPS D' ÉTAT--AFRICA D0.00FCBU-MAIN LIBRARY (Kitwe)H1I0.00M1UAVAILABLEWMay 13, 2009ZMain Library Open Access Collection c39074d39074 00102lcc4070a001b001cMain Library Open Access Collectiond2022-11-30l0oJC 494 Babp739979r2022-11-30w2022-11-30y002